000 00911cab a2200277 4500
001 ABS56717
008 090401t1996 xxu||||| |||| 00| 0 eng d
035 _a(Sirsi) u77263
041 _aeng
245 _aPrime mover
260 _c1996
350 _a0
490 _aPrivate Finance Quarterly
_vWinter 1996, 10-11(2)
520 _aReports on how the Department of Social Security has learnt lessons from other PFI sectors and developed a user friendly tender process for its PRIME estates management project.
650 _aDEPARTMENT OF SOCIAL SECURITY
650 _aPFI
650 _aPRIME
650 _aPRIVATE FINANCE INITIATIVE
650 _aPRIVATE SECTOR RESOURCE INITIATIVE FOR MANAGEMENT OF THE ESTATE
650 _aPRIVATE SECTOR
650 _aPUBLIC SECTOR
650 _aTENDER PROCESS
690 _aPROPERTY-PROPERTY FINANCE AND INVESTMENT
942 _n0
948 _c21/03/1997
999 _c48577
_d48577